| 000 | 00550nam a22002057a 4500 | ||
|---|---|---|---|
| 003 | OSt | ||
| 005 | 20140310181743.0 | ||
| 008 | 130422t xxu||||| |||| 00| 0 eng d | ||
| 020 | _a9715550150 | ||
| 050 |
_aHQ 734 _b.G643 1992 |
||
| 082 |
_aFIL 265.5 _bG58 1992 |
||
| 245 |
_aTwo in one flesh in Christ _cGonzalez, Andrew |
||
| 260 |
_aManila: _bDe La Salle University Press Inc., _c1992 |
||
| 300 |
_a655p. : _bill. ; _c26 cm. |
||
| 521 | _aCollege | ||
| 526 | _c1210L-1700L | ||
| 541 | _j1 | ||
| 562 | _e1 | ||
| 942 |
_2lcc _cBK-FIL |
||
| 999 |
_c2861 _d2861 |
||